000 00459nam a2200181Ia 4500
001 8584
005 20260306160620.0
008 260306t2018||||xx |||||||||||||| ||spa||
041 _aESP
082 _a371.2
_bA48 T. 1
100 _aAlvarado Oyarce, Otoniel
_eAUT
245 0 _aGestión educativa I:
_benfoques procesos y perspectivas
260 _c2018
300 _a241 páginas :
_c23 cm.
650 _aGEN
654 _aCED
942 _cLIB
_dJUS
_fJUS
_2ddc
_n
999 _c8584
_d8584